000 00580nam a22002297a 4500
003 UA-OsUOA
001 127467
007 ta
008 20171130b un ||||| |||| 00| 0 ukr d
100 _aАстуриас М. А.
090 _a821.161.1
_bА91
942 _cBK
040 _aUA-OsUOA
_brus
_cUA-OsUOA
_dUA-OsUOA
245 _aИзбранное
300 _a410 с.
955 _a3
041 _arus
080 _a821.161.1
260 _aМ.
_bПрогресс
_c1977
650 7 _a82 Література. Літературознавство
_2UDC
999 _c414627
_d414627